| Поле | Инд. | ПП | Название | Значение |
|---|---|---|---|---|
| Тип записи | a | |||
| Библиографический уровень | b | |||
| 001 | Контрольный номер | RU/IS/BASE/125519241 | ||
| 005 | Дата корректировки | 20200522190817.3 | ||
| 084 | a | Индекс другой классификации/Индекс ББК | 65.29; 65.290с51 | |
| 100 | 1_ | a | Автор | Лепешкина М. |
| q | Полное имя | Лепешкина Марина | ||
| 245 | a | Заглавие | Виртуальные предприятия | |
| 504 | a | Библиография | Библиогр. сноски | |
| 520 | a | Аннотация | Интенсивное освоение виртуального бизнес-пространства позволяет хозяйствующим субъектам создавать гибкие, мобильные производственные и торговые структуры, нацеленные на оперативный выпуск и поставку продукции, услуг в соответствии с меняющимися запросами потребителей. Приводятся таблицы: Основные направления реорганизации предпринимательской деятельности при реализации проектов путем создания виртуального предприятия. Различия между традиционными и виртуальными организациями. | |
| 650 | a | Основная рубрика | бизнес | |
| a | Основная рубрика | экономика | ||
| 653 | a | Ключевые слова | виртуальные предприятия | |
| a | Ключевые слова | глобализация экономики | ||
| a | Ключевые слова | деятельность предприятия | ||
| a | Ключевые слова | интернет | ||
| a | Ключевые слова | информационные стратегии | ||
| a | Ключевые слова | оптимизация | ||
| a | Ключевые слова | реорганизация предприятия | ||
| a | Ключевые слова | экономика предприятия | ||
| a | Ключевые слова | электронные предприятия | ||
| a | Ключевые слова | электронный бизнес | ||
| a | Ключевые слова | электронный рынок | ||
| 773 | t | Заглавие источника | РИСК: ресурсы, информация, снабжение, конкуренция | |
| d | Дата издания источника | 2003 | ||
| g | Прочая информация | № 3. - С. 49 - 53 : рис., табл. | ||
| w | Контрольный № источника | RU/IS/BASE/121272722 | ||
| 901 | t | Тип документа | b |